Normal view
MARC view
- Gupta Shuva Das
Entry Personal Name
001 - CONTROL NUMBER
- control field: 178330
003 - CONTROL NUMBER IDENTIFIER
- control field: OSt
005 - DATE AND TIME OF LATEST TRANSACTION
- control field: 20230314152411.0
008 - FIXED-LENGTH DATA ELEMENTS
- fixed length control field: 230314|| aca||aabn | a|a d
040 ## - CATALOGING SOURCE
- Original cataloging agency: OSt
- Transcribing agency: OSt
100 ## - HEADING--PERSONAL NAME
- Personal name: Gupta Shuva Das
670 ## - SOURCE DATA FOUND
- Source citation: Work cat.: (OSt)139152: Gupta Shuva Das., Medical Surgical Interventions for the Criticallly, 2005